P Countries Capital Cities by Population Quiz Stats

 Plays Quiz not verified by Sporcle

Challenge
Share
Tweet
Embed
Score 0/10 Timer 03:00
0 Plays Today
Continent Capital City % Correct
South AmericaLima
96.9%
EuropeWarsaw
93.8%
EuropeLisbon
92.2%
North AmericaPanama City
89.1%
AsiaIslamabad
87.5%
AsiaManila
85.9%
South AmericaAsuncion
84.4%
OceaniaPort Moresby
76.6%
AsiaRamallah
54.7%
OceaniaMelekeok
51.6%

You're not logged in!

Compare scores with friends on all Sporcle quizzes.
Join for Free
OR
Log In

You Might Also Like...

Show Comments

Extras

Top Quizzes Today


Score Distribution

Your Account Isn't Verified!

In order to create a playlist on Sporcle, you need to verify the email address you used during registration. Go to your Sporcle Settings to finish the process.

Report this User

Report this user for behavior that violates our Community Guidelines.

Details: